000 00979cab a2200325 4500
001 ABS58085
008 090401t1998 xxu||||| |||| 00| 0 eng d
035 _a(Sirsi) u82926
041 _aeng
245 _aEurope: industrial
260 _c1998
350 _a0
490 _aEuroProperty
_v6(8) December/January 1998, 21-27(7)
520 _aSpecial focus on the industrial market in Europe. Looks at the growing market for general purpose sheds, UK rental levels and how sector growth is attracting foreign investment, and a round-up of cross-European rents and yields.
650 _aBELGIUM
650 _aCZECH REPUBLIC
650 _aFOREIGN INVESTMENT
650 _aFRANCE
650 _aHOLLAND
650 _aINDUSTRIAL MARKET
650 _aINDUSTRIAL RENTS
650 _aINDUSTRIAL RETURNS
650 _aIRELAND
650 _aNETHERLANDS
650 _aSPAIN
650 _aYIELDS
690 _aOVERSEAS-EUROPE
942 _n0
948 _c05/01/1998
999 _c52381
_d52381